000 00768nam a2200229Ia 4500
003 OSt
005 20220927105318.0
006 a|||||r|||| 00| 0
007 ta
008 220926b |||||||| |||| 00| 0 eng d
024 _a175946
037 _cReference Collections
040 _aRTL
_cRTL
_beng
041 _2eng
_aeng
082 _a"V5:19(ZR), P8/UN"
110 _aUNITED NATIONS INSTITUTE FOR DISARMAMENT RESEARCH
_9371606
245 0 _aSecurity needs assessment protocol
_b Improving operational effectiveness through community security
260 _aGeneva
_bUnited Nations
_c2008
700 _aUNITED NATIONS INSTITUTE FOR DISARMAMENT RESEARCH
_9371607
942 _h"V5:19(ZR), P8/UN"
_cCC
999 _c691753
_d691753